<?xml version="1.0" encoding="UTF-8"?>
<record
    xmlns:xsi="http://www.w3.org/2001/XMLSchema-instance"
    xsi:schemaLocation="http://www.loc.gov/MARC21/slim http://www.loc.gov/standards/marcxml/schema/MARC21slim.xsd"
    xmlns="http://www.loc.gov/MARC21/slim">

  <leader>00913nam a2200241 i 4500</leader>
  <controlfield tag="001">119503</controlfield>
  <controlfield tag="003">ES-MaACL</controlfield>
  <controlfield tag="005">20250811100458.0</controlfield>
  <controlfield tag="007">t|</controlfield>
  <controlfield tag="008">070214s1935    sp           |||| | spa d</controlfield>
  <datafield tag="100" ind1="1" ind2=" ">
    <subfield code="a">Piga y Pascual, Antonio.</subfield>
    <subfield code="9">91988</subfield>
  </datafield>
  <datafield tag="245" ind1="1" ind2="0">
    <subfield code="a">Manual te&#xF3;rico-pr&#xE1;ctico de medicina forense </subfield>
    <subfield code="b">: contesta al programa de m&#xE9;dicos forenses / </subfield>
    <subfield code="c">redactado por Antonio Piga y Pascual, Jos&#xE9; Aguila Collantes, Blas Aznar.</subfield>
  </datafield>
  <datafield tag="260" ind1=" " ind2=" ">
    <subfield code="a">Madrid : </subfield>
    <subfield code="b">Reus, </subfield>
    <subfield code="c">1935.</subfield>
  </datafield>
  <datafield tag="300" ind1=" " ind2=" ">
    <subfield code="a">4 t. en 5 v. ; </subfield>
    <subfield code="c">23 cm.</subfield>
  </datafield>
  <datafield tag="505" ind1="8" ind2=" ">
    <subfield code="a">Contiene: I ; </subfield>
    <subfield code="t">Medicina legal - II ; </subfield>
    <subfield code="t">Psiquiatr&#xED;a - III ; </subfield>
    <subfield code="t">Toxicolog&#xED;a - IV ; </subfield>
    <subfield code="t">Ap&#xE9;ndice</subfield>
  </datafield>
  <datafield tag="650" ind1="0" ind2="7">
    <subfield code="a">Medicina legal</subfield>
    <subfield code="2">embne</subfield>
    <subfield code="9">14928</subfield>
  </datafield>
  <datafield tag="650" ind1="0" ind2="7">
    <subfield code="a">Psiquiatr&#xED;a legal</subfield>
    <subfield code="2">embne</subfield>
    <subfield code="9">16596</subfield>
  </datafield>
  <datafield tag="650" ind1=" " ind2="4">
    <subfield code="a">Toxicolog&#xED;a.</subfield>
    <subfield code="9">136941</subfield>
  </datafield>
  <datafield tag="700" ind1="1" ind2=" ">
    <subfield code="a">Aguila Collantes, Jos&#xE9;.</subfield>
    <subfield code="9">18675</subfield>
  </datafield>
  <datafield tag="700" ind1="1" ind2=" ">
    <subfield code="a">Aznar, Blas.</subfield>
    <subfield code="9">24298</subfield>
  </datafield>
  <datafield tag="852" ind1=" " ind2=" ">
    <subfield code="a">ES-MaACL</subfield>
    <subfield code="j">E-1767-71</subfield>
  </datafield>
  <datafield tag="999" ind1=" " ind2=" ">
    <subfield code="c">119503</subfield>
    <subfield code="d">119503</subfield>
  </datafield>
  <datafield tag="952" ind1=" " ind2=" ">
    <subfield code="0">0</subfield>
    <subfield code="1">0</subfield>
    <subfield code="4">0</subfield>
    <subfield code="7">0</subfield>
    <subfield code="a">ATENEOM</subfield>
    <subfield code="b">ATENEOM</subfield>
    <subfield code="c">DEPO2</subfield>
    <subfield code="d">2008-01-17</subfield>
    <subfield code="e">SC</subfield>
    <subfield code="l">0</subfield>
    <subfield code="o">E-1767-71</subfield>
    <subfield code="p">1124567</subfield>
    <subfield code="r">2023-02-23 00:00:00</subfield>
    <subfield code="w">2023-02-23</subfield>
    <subfield code="y">MONOGRAFIA</subfield>
  </datafield>
</record>
